| 000 -LEADER |
| fixed length control field |
00428nam a2200145 4500 |
| 008 - FIXED-LENGTH DATA ELEMENTS--GENERAL INFORMATION |
| fixed length control field |
190905b ||||| |||| 00| 0 eng d |
| 100 ## - MAIN ENTRY--PERSONAL NAME |
| Personal name |
Binu Kumar B.J. |
| 245 ## - TITLE STATEMENT |
| Title |
Performance of area, production and productivity of cashew in India and Kerala |
| 260 ## - PUBLICATION, DISTRIBUTION, ETC. (IMPRINT) |
| Date of publication, distribution, etc |
2019 |
| 300 ## - PHYSICAL DESCRIPTION |
| Extent |
p.88-95. |
| 700 ## - ADDED ENTRY--PERSONAL NAME |
| Personal name |
Salim A, Abdul |
| 9 (RLIN) |
9885 |
| 773 ## - HOST ITEM ENTRY |
| Main entry heading |
Productivity |
| 906 ## - LOCAL DATA ELEMENT F, LDF (RLIN) |
| Subject DIP |
Cashew industry - India - Kerala |
| 942 ## - ADDED ENTRY ELEMENTS (KOHA) |
| Source of classification or shelving scheme |
|
| Item type |
Articles |